The Common Law of Manking / (Record no. 79)

MARC details
000 -LEADER
fixed length control field 00466nam a22001697a 4500
003 - CONTROL NUMBER IDENTIFIER
control field OSt
005 - DATE AND TIME OF LATEST TRANSACTION
control field 20170927174200.0
008 - FIXED-LENGTH DATA ELEMENTS--GENERAL INFORMATION
fixed length control field 110407t xxu||||| |||| 00| 0 eng d
040 ## - CATALOGING SOURCE
Original cataloging agency LDCLIB
Transcribing agency LDCLIB
082 ## - DEWEY DECIMAL CLASSIFICATION NUMBER
Classification number 341.02
Edition number 22
Item number JEN
100 ## - MAIN ENTRY--PERSONAL NAME
Personal name Jenks, C. Wilfred.
9 (RLIN) 191
245 ## - TITLE STATEMENT
Title The Common Law of Manking /
Statement of responsibility, etc C. Wilfred Jenks /
260 ## - PUBLICATION, DISTRIBUTION, ETC. (IMPRINT)
Place of publication, distribution, etc London :
Name of publisher, distributor, etc Stevens & Sons Ltd.,
Date of publication, distribution, etc 1958.
300 ## - PHYSICAL DESCRIPTION
Extent xxvi, 456 p. ;
Dimensions 25 cm .
650 ## - SUBJECT ADDED ENTRY--TOPICAL TERM
Topical term or geographic name as entry element International law
942 ## - ADDED ENTRY ELEMENTS (KOHA)
Source of classification or shelving scheme Dewey Decimal Classification
Koha item type Books
Holdings
Withdrawn status Lost status Source of classification or shelving scheme Damaged status Not for loan Home library Current library Shelving location Date acquired Total Checkouts Full call number Barcode Date last seen Price effective from Koha item type
    Dewey Decimal Classification     Law Development Centre Main Library Law Development Centre Main Library Text Books and Laws 04/07/2011   341.02 JEN 2011/2590 04/07/2011 04/07/2011 Books